| 000 | 00708nam a2200253Ia 4500 | ||
|---|---|---|---|
| 001 | 26024 | ||
| 005 | 20240114000907.0 | ||
| 007 | ta | ||
| 008 | 060503s1977 g b000 u 465 u | ||
| 040 | _aCotton College,Assam | ||
| 041 | _a465 | ||
| 082 |
_a015.9541 _bG 699 As |
||
| 100 | _aGoswami, Jatindra Nath . | ||
| 245 | 0 |
_aAsam Sahitya Prakasanar Barnanamulak Talika / _cJatindra Nath Goswami. _hTextual Documents |
|
| 250 | _a1st ed. / | ||
| 260 |
_aJorhat : _bAssam Sahitya Sabha , _c1977. |
||
| 300 |
_a55p. ; _c22cm. |
||
| 653 | _aBibliography-Assamese Literature | ||
| 653 | _aG-Computer Science | ||
| 942 |
_2ddc _cBK |
||
| 999 |
_c26006 _d26006 |
||